00489nam a2200145Ia 4500008004100000041000800041082001200049100002200061245001900083260004800102300003100150365001100181999001700192952013400209240624s9999 xx 000 0 und d aeng a828 KAL aKALAM A P J ABDUL aYOU ARE UNIQUE c2012aBangalorebPunya Publishing Pvt. Ltd. axvi, : 172 : p. : cm. ; 23 cRSb30 c19817d19817 00104070aIMTNbIMTNcRack 42-Ad2012-09-27eWBDg285.00l3o828 KALp19817r2025-10-29 17:27:10s2025-10-07t1w2024-06-24yBK